000
00356nam a2200157 a 4500
003
DLC
005
20210219152751.0
022
_a
0015-9395
035
_a
UPN01000060450
245
0
0
_a
FRANCAIS DANS LE MONDE
260
_a
Francia :
_b
Librairie Hachette,
_c
1961
310
_a
Mensual
653
0
_a
FRANCES (LENGUA)
905
_a
Revista
999
_c
60225
_d
60225